| 000 | 00783nas a2200265 4500 | ||
|---|---|---|---|
| 001 | BR7700677 | ||
| 003 | BR-BrBNA | ||
| 005 | 20231205083049.0 | ||
| 007 | ta | ||
| 008 | 230509b bl.|||p| |||| 00| 00por d | ||
| 040 |
_aBR-BrBNA _bpor _cBiblioteca Nacional de Agricultura |
||
| 041 | _a(Pt) | ||
| 072 | _aE10 | ||
| 100 | 1 | _aBrandt, S.A. | |
| 100 | 1 | _aSousa, A.F. de | |
| 100 | 1 | _aTeixeira, T.D. | |
| 100 | 1 | _aRezende, A.M. | |
| 100 | 1 | _aTonini, E. | |
| 245 | 1 | _aElasticidade de oferta agropecuaria agregada de area selecionada do sul do Brasil | |
| 650 | _aANALISE ECONOMICA | ||
| 650 | _aREGIAO SUL | ||
| 773 | 0 |
_tRevista Ceres (Brazil) _xISSN 0034-737X _g(May 1976), v. 23(127) p. 157-165 _wBR7700677 |
|
| 909 |
_a202311 _bLúcia _c55 _dLúcia Elande |
||
| 942 |
_2AGRIS _n0 _cANA |
||
| 999 |
_c96146 _d96146 |
||